Best Footballers Who Won't Be at the FIFA World Cup 2022 - Statistics

General Stats
  • This quiz has been taken 858 times
  • The average score is 15 of 35
Answer Stats
Nationality Answer % Correct
Norway Erling Haaland
87%
Austria David Alaba
84%
Gabon Pierre-Emerick Aubameyang
84%
Egypt Mohamed Salah
78%
Italy Gianluigi Donnarumma
70%
Italy Leonardo Bonucci
63%
Italy Federico Chiesa
62%
Slovenia Jan Oblak
62%
Algeria Riyad Mahrez
61%
Norway Martin Ødegaard
60%
Italy Giorgio Chiellini
58%
Scotland Andrew Robertson
56%
Sweden Alexander Isak
50%
Italy Nicolò Barella
50%
Italy Marco Verratti
45%
Nigeria Victor Osimhen
44%
Turkey Hakan Calhanoglu
42%
Georgia Khvicha Kvaratskhelia
42%
Italy Jorginho
40%
Czech Republic Patrik Schick
39%
Colombia Luis Díaz
36%
Italy Alessandro Bastoni
31%
Slovenia Samir Handanović
31%
Slovakia Milan Skriniar
30%
Hungary Péter Gulácsi
30%
Cote d'Ivoire Franck Kessié
28%
Czech Republic Tomas Soucek
28%
Sweden Dejan Kulusevski
27%
Germany Toni Kroos
26%
Cote d'Ivoire Sébastien Haller
19%
Italy Sandro Tonali
18%
Nigeria Wilfred Ndidi
17%
Italy Manuel Locatelli
16%
Mali Yves Bissouma
16%
Italy Lorenzo Pellegrini
10%
No matching quizzes found
Score Distribution
Percent of People with Each Score
Percentile by Number Answered
Your Score History
You have not taken this quiz